[Event "CQC IX"]
[Site "http://www.queenalice.com/game.php?id=796532"]
[Date "2010.6.29"]
[Round "-"]
[White "perucona"]
[Black "Aizen"]
[Result "1-0"]
[WhiteElo "1587"]
[BlackElo "1327"]

1. e4 c5 2. d4 cxd4 3. Qxd4 Nc6 4. Qd5 Nf6 5. Qd3 e5 6. Nf3 Bc5 7. Be3 Bxe3 8.
fxe3 O-O 9. Nc3 a6 10. O-O-O b5 11. Ne2 Qc7 12. Nc3 b4 13. Na4 Qa5 14. b3 Na7
15. Ng5 Nb5 16. Qe2 Nc3 17. Qf3 Nxd1 18. Qxd1 1-0

[Event "AUTO-OPEN-2029"]
[Site "http://www.queenalice.com/game.php?id=798707"]
[Date "2010.7.4"]
[Round "1"]
[White "PlinioSalgado"]
[Black "Aizen"]
[Result "1-0"]
[WhiteElo "1996"]
[BlackElo "1331"]

1. e4 c5 2. Nf3 Nc6 3. d4 cxd4 4. Nxd4 e5 5. Nb5 d6 6. N1c3 a6 7. Na3 b5 8. Nd5
Nf6 9. Bg5 Be7 10. Bxf6 gxf6 11. c4 b4 12. Nc2 a5 13. Be2 Be6 14. Qd2 Bxd5 15.
cxd5 Na7 16. Ne3 Qb6 17. Nc4 Qc5 18. Rc1 Rc8 19. O-O Qc7 20. Bg4 h5 21. Bh3 Rb8
22. Nxe5 Qb7 23. Nc6 Nxc6 24. dxc6 Qc7 25. Bd7+ Kf8 26. Qd5 Rg8 27. Qxh5 Rg5 28.
Qh6+ Kg8 29. Rcd1 Rbb5 30. Rd3 Bf8 31. Qh4 d5 32. exd5 Rbxd5 33. Rxd5 Rxd5 34.
Qxf6 Rh5 35. h3 Bg7 36. Qf3 1-0

[Event "AUTO-OPEN-2029"]
[Site "http://www.queenalice.com/game.php?id=798708"]
[Date "2010.7.4"]
[Round "1"]
[White "Aizen"]
[Black "PlinioSalgado"]
[Result "1-0"]
[WhiteElo "1226"]
[BlackElo "1926"]

1. e4 c5 2. f4 Nc6 3. Nf3 d6 4. Be2 Bg4 5. O-O e6 6. h3 Bxf3 7. Bxf3 Nge7 8. d3
g6 9. Nc3 Bg7 10. Bd2 O-O 11. Qe2 a6 12. g4 f5 13. exf5 exf5 14. g5 Nd4 15. Qd1
Nxf3+ 16. Qxf3 d5 17. h4 Re8 18. Rae1 Qd7 19. Re2 b5 20. Rfe1 d4 21. Rxe7 Rxe7
22. Qxa8+ Kf7 23. Nd5 Rxe1+ 24. Bxe1 1-0

[Event "AUTO-OPEN-2029"]
[Site "http://www.queenalice.com/game.php?id=798735"]
[Date "2010.7.4"]
[Round "1"]
[White "Aizen"]
[Black "CABALLONEGRO64"]
[Result "1-0"]
[WhiteElo "1276"]
[BlackElo "1598"]

1. e4 c5 2. f4 Nc6 3. Nf3 e6 4. Be2 d5 5. exd5 exd5 6. O-O Nf6 7. d3 Bd6 8. Nc3
O-O 9. Kh1 Re8 10. Bd2 a6 11. h3 b5 12. a3 d4 13. Na2 Be6 14. c3 Qc7 15. cxd4
Nxd4 16. Nxd4 cxd4 17. Rc1 Qb6 18. Nb4 Bd7 19. Bf3 Rac8 20. Re1 h6 21. Nd5 Nxd5
22. Bxd5 Bc6 23. Bxc6 Rxe1+ 24. Qxe1 Rxc6 25. Qe8+ Kh7 26. Rxc6 1-0

[Event "AUTO-OPEN-2029"]
[Site "http://www.queenalice.com/game.php?id=798736"]
[Date "2010.7.4"]
[Round "1"]
[White "CABALLONEGRO64"]
[Black "Aizen"]
[Result "1-0"]
[WhiteElo "1559"]
[BlackElo "1240"]

1. e4 c5 2. Nf3 Nc6 3. d4 cxd4 4. Nxd4 e5 5. Nb5 d6 6. N1c3 a6 7. Na3 Be6 8. Nc4
Nf6 9. Bg5 h6 10. Bxf6 gxf6 11. Ne3 Nd4 12. Ncd5 Rc8 13. c3 Bxd5 14. Nxd5 Ne6
15. Qf3 Be7 16. Be2 Ng5 17. Qf5 Rc6 18. h4 Ne6 19. O-O Rg8 20. Bh5 Rg7 21. Qxe6
1-0

[Event "AUTO-OPEN-2029"]
[Site "http://www.queenalice.com/game.php?id=798737"]
[Date "2010.7.4"]
[Round "1"]
[White "Aizen"]
[Black "rootgauss"]
[Result "1-0"]
[WhiteElo "1100"]
[BlackElo "1892"]

1. e4 e5 2. Nf3 Nc6 3. c3 Nf6 4. d4 exd4 5. e5 Nd5 6. cxd4 d6 7. Bb5 Bd7 8. O-O
Bg4 9. Bxc6+ bxc6 10. h3 h5 11. hxg4 hxg4 12. Ng5 f6 13. exf6 gxf6 14. Ne6 Qd7
15. Re1 Rh1+ 16. Kxh1 Kf7 17. Qxg4 Re8 18. Ng5+ 1-0

[Event "AUTO-OPEN-2029"]
[Site "http://www.queenalice.com/game.php?id=798738"]
[Date "2010.7.4"]
[Round "1"]
[White "rootgauss"]
[Black "Aizen"]
[Result "0-1"]
[WhiteElo "1928"]
[BlackElo "1226"]

1. e4 c5 2. Nf3 Nc6 3. d4 cxd4 4. Nxd4 e5 5. Nxc6 bxc6 6. Bc4 Nf6 7. Nc3 Be7 8.
O-O O-O 9. Bg5 h6 10. Bh4 Bb7 11. Qf3 Qc7 12. Rad1 Rad8 13. Bg3 d5 14. exd5 cxd5
15. Nxd5 Nxd5 16. Bxd5 Bxd5 17. Rxd5 Rxd5 18. Qxd5 Qxc2 19. Qxe5 Bf6 20. Qh5
Qxb2 21. Qa5 Bd4 22. Rd1 Bb6 23. Be5 Qxf2+ 0-1

[Event "AUTO-OPEN-2037"]
[Site "http://www.queenalice.com/game.php?id=802074"]
[Date "2010.7.11"]
[Round "1"]
[White "Aizen"]
[Black "Don_Vito"]
[Result "1/2-1/2"]
[WhiteElo "1226"]
[BlackElo "1983"]

1. e4 e5 2. Nf3 Nc6 3. c3 Nf6 4. d4 d6 5. dxe5 dxe5 6. Qxd8+ Kxd8 7. Bg5 Be7 8.
Bxf6 Bxf6 9. Bc4 Bg4 10. Nbd2 Ke7 11. O-O-O Rhd8 12. h3 Bxf3 13. Nxf3 h6 14. Bb5
Kf8 15. Bxc6 bxc6 16. Kc2 1/2-1/2

[Event "AUTO-OPEN-2037"]
[Site "http://www.queenalice.com/game.php?id=802075"]
[Date "2010.7.11"]
[Round "1"]
[White "Don_Vito"]
[Black "Aizen"]
[Result "1-0"]
[WhiteElo "1854"]
[BlackElo "1331"]

1. e4 c5 2. c3 Nc6 3. d4 cxd4 4. cxd4 d5 5. exd5 Qxd5 6. Nf3 Bg4 7. Nc3 Qd6 8.
Be3 e6 9. Be2 Nf6 10. O-O Be7 11. h3 Bh5 12. a3 Rd8 13. Bb5 O-O 14. d5 Nxd5 15.
Nxd5 exd5 16. Bxc6 bxc6 17. Bxa7 Bf6 18. Qc2 Bxf3 19. gxf3 Qf4 20. Be3 Qxf3 21.
Qxc6 Be5 22. Rfe1 Rd6 23. Qc2 Rg6+ 24. Kf1 Bh2 25. Qxg6 1-0

[Event "AUTO-OPEN-2037"]
[Site "http://www.queenalice.com/game.php?id=802076"]
[Date "2010.7.11"]
[Round "1"]
[White "Aizen"]
[Black "PU1JQF"]
[Result "1-0"]
[WhiteElo "1100"]
[BlackElo "1398"]

1. e4 e5 2. Nf3 d6 3. d4 f6 4. dxe5 Qe7 5. exd6 cxd6 6. Bd3 Bd7 7. O-O Bg4 8. h3
Be6 9. Nc3 g5 10. Nd4 Bf7 11. f4 Bh6 12. fxg5 fxg5 13. Bb5+ Nd7 14. Nf5 Qe6 15.
Nxd6+ Kd8 16. Nxf7+ Kc7 17. Nxh8 Qe5 18. Qxd7+ Kb6 19. Nd5+ Ka5 20. Bd2+ Qc3 21.
Bxc3# 1-0

[Event "AUTO-OPEN-2037"]
[Site "http://www.queenalice.com/game.php?id=802077"]
[Date "2010.7.11"]
[Round "1"]
[White "PU1JQF"]
[Black "Aizen"]
[Result "0-1"]
[WhiteElo "1424"]
[BlackElo "1226"]

1. e4 c5 2. Bc4 e6 3. Qf3 Nc6 4. d3 Nd4 5. Qh5 Nxc2+ 6. Kd2 Nxa1 7. f4 Nf6 8.
Qg5 h6 9. Qxc5 Bxc5 10. Nc3 Ng4 11. Nf3 Be3+ 12. Ke2 Nc2 13. Kd1 Bxc1 14. Kxc1
Nce3 15. Nb5 O-O 16. Nd6 Qc7 17. h3 Qxd6 18. Nd4 Qxd4 19. hxg4 d5 20. Kd2 dxc4
21. Rc1 Qxd3+ 22. Ke1 Nxg2+ 23. Kf2 Qd2+ 24. Kg3 Qxc1 25. Kxg2 Qe3 26. a4 Rd8
27. b4 Rd2+ 0-1

[Event "AUTO-OPEN-2037"]
[Site "http://www.queenalice.com/game.php?id=802078"]
[Date "2010.7.11"]
[Round "1"]
[White "Aizen"]
[Black "Prof_Odair"]
[Result "1/2-1/2"]
[WhiteElo "1331"]
[BlackElo "1737"]

1. e4 e5 2. Nf3 Nc6 3. c3 Nf6 4. d4 d6 5. dxe5 dxe5 6. Qxd8+ Kxd8 7. Bg5 Be7 8.
Bb5 Nxe4 9. Bxe7+ Kxe7 10. Bxc6 bxc6 11. Nxe5 Bb7 12. O-O Rhd8 13. f3 Nd2 14.
Nxd2 Rxd2 15. Rf2 Rxf2 16. Kxf2 Kf8 17. Rd1 f6 18. Nd7+ Kf7 19. Nc5 Bc8 20. Rd4
1/2-1/2

[Event "AUTO-OPEN-2037"]
[Site "http://www.queenalice.com/game.php?id=802079"]
[Date "2010.7.11"]
[Round "1"]
[White "Prof_Odair"]
[Black "Aizen"]
[Result "1-0"]
[WhiteElo "1736"]
[BlackElo "1331"]

1. e4 c5 2. c3 Nc6 3. Nf3 d6 4. d4 cxd4 5. cxd4 Bg4 6. Bb5 a6 7. Bxc6+ bxc6 8.
Nc3 Nf6 9. O-O e6 10. h3 Bh5 11. Bg5 Be7 12. e5 dxe5 13. dxe5 Nd5 14. Bxe7 Qxe7
15. Nxd5 exd5 16. Re1 O-O 17. Rc1 Rac8 18. a3 Rfe8 19. Re3 h6 20. b4 Qc7 21. a4
Bxf3 22. Qxf3 Rxe5 23. Rce1 Rce8 24. b5 axb5 25. axb5 cxb5 26. Rxe5 1-0

[Event "AUTO-OPEN-2040"]
[Site "http://www.queenalice.com/game.php?id=803180"]
[Date "2010.7.14"]
[Round "1"]
[White "Antunesbruno"]
[Black "Aizen"]
[Result "1-0"]
[WhiteElo "1898"]
[BlackElo "1331"]

1. d4 Nf6 2. c4 g6 3. Nc3 Bg7 4. e4 d6 5. f3 O-O 6. Bd3 Nc6 7. Nge2 e5 8. O-O
exd4 9. Nb5 Ne5 10. Nbxd4 c5 11. Nb5 a6 12. Nbc3 Be6 13. Nd5 Bxd5 14. exd5 Re8
15. Nc3 Nh5 16. Be2 Qh4 17. Ne4 f5 18. Nxd6 Re7 19. Be3 1-0

[Event "AUTO-OPEN-2040"]
[Site "http://www.queenalice.com/game.php?id=803181"]
[Date "2010.7.14"]
[Round "1"]
[White "Aizen"]
[Black "Antunesbruno"]
[Result "0-1"]
[WhiteElo "1331"]
[BlackElo "1900"]

1. e4 c5 2. f4 e6 3. Nf3 d5 4. exd5 exd5 5. Be2 Nf6 6. d3 Bd6 7. O-O O-O 8. Nc3
Nc6 9. h3 Be6 10. Bd2 a6 11. Nh2 Rc8 12. f5 Bd7 13. Bg5 Qc7 14. Ng4 Nxg4 15.
Bxg4 d4 16. Ne4 Be7 17. f6 Bd8 18. Bxd7 Qxd7 0-1

[Event "AUTO-OPEN-2040"]
[Site "http://www.queenalice.com/game.php?id=803208"]
[Date "2010.7.14"]
[Round "1"]
[White "Padre_Amaro"]
[Black "Aizen"]
[Result "0-1"]
[WhiteElo "1982"]
[BlackElo "1331"]

1. e4 c5 2. c3 Nc6 3. d4 cxd4 4. cxd4 d5 5. exd5 Qxd5 6. Nf3 Bg4 7. Be2 e6 8.
O-O Nf6 9. Nc3 Qd7 10. h3 Bxf3 11. Bxf3 Rd8 12. Bxc6 bxc6 13. Bg5 Qxd4 14. Qxd4
Rxd4 15. Bxf6 gxf6 16. Rad1 c5 17. Rxd4 cxd4 18. Nb5 e5 19. Nxa7 Kd7 20. Rb1 Bc5
21. Nb5 Ra8 22. Na3 Bxa3 23. bxa3 Rxa3 0-1

[Event "AUTO-OPEN-2040"]
[Site "http://www.queenalice.com/game.php?id=803209"]
[Date "2010.7.14"]
[Round "1"]
[White "Aizen"]
[Black "Padre_Amaro"]
[Result "1-0"]
[WhiteElo "1331"]
[BlackElo "1980"]

1. e4 e5 2. Nf3 Nc6 3. c3 Nf6 4. d4 d6 5. dxe5 dxe5 6. Qxd8+ Kxd8 7. Bg5 Be7 8.
Bxf6 Bxf6 9. Nbd2 Bg4 10. O-O-O Ke7 11. Bb5 Rhd8 12. Bxc6 bxc6 13. h3 Bxf3 14.
Nxf3 Kf8 15. g4 h6 16. h4 Rxd1+ 17. Rxd1 g5 18. hxg5 hxg5 19. Kc2 Rd8 20. Rxd8+
1-0

[Event "AUTO-OPEN-2040"]
[Site "http://www.queenalice.com/game.php?id=803228"]
[Date "2010.7.14"]
[Round "1"]
[White "Aizen"]
[Black "Liesel"]
[Result "1/2-1/2"]
[WhiteElo "1331"]
[BlackElo "1795"]

1. e4 e5 2. Nf3 Nc6 3. c3 Nf6 4. d4 d6 5. dxe5 dxe5 6. Qxd8+ Kxd8 7. Bg5 Bg4 8.
Bxf6+ gxf6 9. Nbd2 Bg7 10. Bb5 Ne7 11. O-O-O c6 12. Bc4 Rf8 13. h3 Bxf3 14.
Nxf3+ Kc7 15. Rd3 Rad8 16. Rxd8 Kxd8 17. Rd1+ Kc7 18. Nh4 1/2-1/2

[Event "AUTO-OPEN-2040"]
[Site "http://www.queenalice.com/game.php?id=803229"]
[Date "2010.7.14"]
[Round "1"]
[White "Liesel"]
[Black "Aizen"]
[Result "1-0"]
[WhiteElo "1809"]
[BlackElo "1331"]

1. e4 c6 2. d4 d5 3. Nc3 dxe4 4. Nxe4 Nd7 5. Nf3 Ngf6 6. Bd3 e6 7. O-O Be7 8. c4
Nxe4 9. Bxe4 Nb6 10. c5 Nd5 11. a3 Bd7 12. Bxd5 cxd5 13. Ne5 O-O 14. Nxd7 Qxd7
15. Qg4 f5 16. Qg3 Rf6 17. Bg5 Rg6 18. f4 h6 19. h4 hxg5 20. hxg5 Qd8 21. Rac1
Bxg5 22. fxg5 Rxg5 23. Qb3 1-0